Sherlock Holmes' Deductions by Clue - Statistics

General Stats
  • This quiz has been taken 27 times
  • The average score is 2 of 10
Answer Stats
Hint Answer % Correct
If a man has a fish tattoo whose scales are stained a delicate pink, he must have been in this country. China
45%
If an A is printed somewhat after the German fashion, the man who wrote it must not be of this nationality. German
45%
If someone's shoes have slight roughening of the side of the sole, he must use this for transportation. A Bicycle
41%
If a woman's sleeves both have the trace of a double line a little above the wrist, and the traces are across the wrist's broadest part, the woman must work as a A Typwritist
36%
If someone has spatulate finger-ends and a spirituality about his face, he must work as a Musician
27%
If a man of great agility has left diminutive footmarks of naked feet, which are — clear, well defined, perfectly formed, but scarce half the size of those of an ordinary man, showing his toes have never been fettered by boots, and he has used a stone-headed wooden mace as well as small poisoned darts, he must be native to these islands. The Andaman Islands
18%
If a man smells of iodoform, and he has a black mark of nitrate of silver upon his right forefinger as well as a bulge on the right side of his top-hat, he must work as a An Active Member of the Medical Profession
5%
If there are six almost parallel cuts on someone's shoe, he must have been out in vile weather/had a particularly malignant boot-slitting specimen of the London slavey
0%
If five livid spots, the marks of four fingers and a thumb, are printed on someone's wrist they have been Cruelly Used
0%
If a steady, respectable, middle-aged man has a great blue anchor tattooed on the back of his hand, a military carriage, regulation side whiskers, and by the way in which he holds his head and swings his cane, some amount of self importance and a certain air of command, he has worked as a Sergeant of Marines
0%
No matching quizzes found
Score Distribution
Percent of People with Each Score
Percentile by Number Answered
Your Score History
You have not taken this quiz